| 000 | 00656nam a22001697a 4500 | ||
|---|---|---|---|
| 003 | NUST | ||
| 038 | _aNusrat Nadeem | ||
| 082 | _a200 | ||
| 100 |
_aBalkhi, Syed Basil _9123731 |
||
| 245 |
_aBUSINESS AND FINANCIAL PERFOMRMENCE ANALYSIS OF “FAUJI CEMENT COMPANY LIMITED” IN COMPARISION WITH ITS TWO MAJOR COMPETITORS IN THE CEMENT INDUSTRY OF PAKISTAN OVER THE LAST FOUR YEARS/ _cSyed Basil Balkhi |
||
| 264 |
_aIslamabad; _bNBS NUST; _c2024; |
||
| 300 |
_a36,p; _bill; _c30,cm; |
||
| 650 |
_aExecutive MBA _9120079 |
||
| 700 |
_aSupervisor: Mrs Fizza Khan _9123732 |
||
| 856 | _uhttp://10.250.8.41:8080/xmlui/handle/123456789/43975 | ||
| 942 |
_2ddc _cSC |
||
| 999 |
_c609820 _d609820 |
||